000 00717nam a22002417a 4500
008 130612b xxu||||| |||| 00| 0 eng d
024 _cAvailable
037 _cAvailable
040 _aMBSTU LIBRARY
_dMBSTU LIBRARY
082 _222
_a530.15 RAM
100 _aRanaman, Md. Abdur.
245 _aMathematical methods: mathematical physics.
250 _a3rd.
260 _aDhaka
_bNahar Book Depot.
_c1987
300 _a20 cm.
_bxxvi, 820 page.
_f10
_g20 cm.
600 _2Mathematical physics.
650 _2Mathematical physics.
700 _aRanaman, Md. Abdur.
270 _aDhaka
_bNahar Book Depot.
_dBanglsdesh.
365 _b209.00
_d209.00
942 _2ddc
_cBK
999 _c460
_d460